000 00423nam a2200193Ia 4500
008 240510s9999 xx 000 0 und d
020 _a0009558581011
041 _aEng
082 _a004
082 _bW36
100 _aWIRASINGHA A.
245 0 _aVISUALLY LEARN PC :MICROSOFT ME
260 _bUSA : CLG
260 _c2001
300 _a423 p.
650 _aCOMPUTER SCIENCE :
942 _2ddc
942 _cRBK
999 _c26904
_d26904
945 _a1
_bMadushi Gamage
_c1
_dMadushi Gamage